| 000 | 00477nam a2200181Ia 4500 | ||
|---|---|---|---|
| 001 | 66053 | ||
| 008 | 150404s9999 xx 000 0 und d | ||
| 020 | _a9695190049 | ||
| 040 | _cPK-LaUMT | ||
| 082 |
_a 297.4 _bJIL-U |
||
| 100 | _aAl-Jili, ABD Al-Karim Chalabi | ||
| 245 |
_aABD al-Karim Al-Jili 'universal man' _cAl-Jili, ABD Al-Karim Chalabi |
||
| 260 |
_aLahore,Pakistan: _bSana'e Academy, _c2000 |
||
| 300 | _a73 p. | ||
| 546 | _aEN | ||
| 650 | _aSufism | ||
| 942 | _cBK | ||
| 999 |
_c69394 _d69394 |
||